[Event "XXXVIII Benasque Open 2018"]
[Site "Benasque"]
[Date "2018.07.12"]
[Round "8"]
[White "Kuzubov, Yuriy"]
[Black "Gascon Del Nogal, Jose Rafael"]
[Result "0-1"]
[WhiteElo "2660"]
[BlackElo "2458"]
[Annotator "TA"]
[PlyCount "56"]
[EventDate "2018.07.05"]
[EventType "swiss"]
[EventCountry "ESP"]
[SourceTitle "playchess.com"]
[Source "ChessBase"]
[SourceQuality "1"]

{[%evp 21,56,14,12,13,30,0,0,-14,-20,-17,-8,-32,0,-24,-16,-40,0,0,0,0,0,0,0,0,29,16,18,30,26,36,35,0,0,0,0,-1152,-1194]} 1. Nf3 Nf6 2. c4 e6 3. g3 d5 4. Bg2 d4 5. O-O c5 6. d3 Nc6 7. e3 {A09: Réti Opening: 1 Nf3 d5 2 c4} Bd6 8. exd4 cxd4 9. Bg5 h6 10. Bxf6 Qxf6 11. a3 $146 ({Predecessor:} 11. Nbd2 Qe7 12. Rc1 O-O 13. Re1 Rd8 14. Qc2 a5 15. c5 Bc7 16. a3 {½-½ (41) Oparin,G (2587)-Matlakov,M (2699) Yaroslavl 2018}) 11... a5 {LiveBook: 24 Games} 12. Nbd2 Qe7 13. Rc1 O-O 14. Qc2 a4 15. c5 Bc7 16. Rfe1 Rd8 17. Ne4 Bd7 18. Nfd2 f5 {[#]} 19. Nd6 $1 {[%cal Rd6b7][%mdl 512]} Bxd6 20. cxd6 Qxd6 21. Nc4 Qc7 22. Ne5 Ra5 23. f4 $36 {[%mdl 2048] Black is under pressure.} Rb5 24. Re2 Qb6 {[#] Hoping for ...Nxe5.} 25. Nxd7 Rxd7 26. Rxe6 Rxb2 27. Qxa4 Qb3 28. Bxc6 $4 {[%mdl 8192]} (28. Re8+ $11 Kf7 29. Bxc6 bxc6 30. Qxc6 Kxe8 31. Qc8+ Rd8 32. Re1+ Kf7 33. Qxd8) 28... Qxe6 {Precision: White = 40%, Black = 74%.} 0-1

[Event "XXXVIII Benasque Open 2018"]
[Site "Benasque"]
[Date "2018.07.12"]
[Round "8"]
[White "Iturrizaga Bonelli, Eduardo"]
[Black "Prohaszka, Peter"]
[Result "1/2-1/2"]
[WhiteElo "2652"]
[BlackElo "2610"]
[Annotator "TA"]
[PlyCount "67"]
[EventDate "2018.07.05"]
[EventType "swiss"]
[EventCountry "ESP"]
[SourceTitle "playchess.com"]
[Source "ChessBase"]
[SourceQuality "1"]

{[%evp 13,67,33,34,33,33,14,25,19,26,26,31,14,14,11,14,-4,-4,-12,0,-15,-12,-14,0,0,8,8,15,15,8,8,8,8,8,8,11,0,0,0,0,-7,0,0,18,20,8,14,13,16,77,0,0,0,0,0,0,0]} 1. c4 c6 2. d4 d5 3. cxd5 cxd5 4. Bg5 (4. Bf4 Nf6 5. Nc3 Nc6 6. Nf3 a6 7. Rc1 Bf5 8. e3 Rc8 9. Be2 e6 10. O-O Nd7 11. Na4 Be7 12. h3 O-O 13. a3 Na5 14. Nc5 Nc4 15. b4 Nxc5 16. dxc5 Nxa3 {1-0 (44) So,W (2778)-Carlsen,M (2843) Stavanger 2018}) 4... Nf6 5. Bxf6 gxf6 6. Nc3 {D10: Slav Defence: 3 cxd5 (without early Nf3) and 3 Nc3} Nc6 7. e3 e6 {LiveBook: 28 Games} 8. g3 {White is slightly better.} f5 9. Bg2 $146 ({Predecessor:} 9. Nf3 a6 10. Rc1 Bd7 11. Bd3 b5 12. O-O Bg7 13. Nd2 Na5 {½-½ (26) Lopez Mulet,I (2302)-Drygalov,S (2415) Mamaia 2017}) 9... Bd7 10. Nf3 Rc8 11. O-O Bd6 12. Ne1 O-O 13. Nd3 Nb4 14. Nf4 Bxf4 15. gxf4 Kh8 16. Qd2 Rg8 {Threatens to win with ...Qh4.} 17. Rfc1 Qf8 18. Kh1 Qd6 (18... Qe7 {feels hotter.} 19. Rg1 Na6 20. Bf3 Nc7 21. Rxg8+ Rxg8 22. Rg1 Ne8) 19. Bf3 {[%cal Bg2f3,Bf3e2,Be2d3][%mdl 32]} Nc6 {[%cal Bb4c6,Bc6e7,Be7g8,Bg8f6][%mdl 32]} 20. Rg1 Rxg1+ 21. Rxg1 Ne7 22. Be2 Ng8 23. Bd3 Nf6 24. f3 Rg8 25. Rc1 Qf8 26. Qf2 Qh6 27. Ne2 Rc8 28. Rxc8+ Bxc8 29. Qe1 Qf8 30. Qa5 Bd7 (30... a6 $11) 31. Kg2 (31. Qxa7 $16 Qb4 32. Qa3) 31... Qb8 $11 {The position is equal.} 32. Kf2 b6 33. Qa3 Kg7 34. Nc3 {Precision: White = 57%, Black = 73%.} 1/2-1/2

[Event "XXXVIII Benasque Open 2018"]
[Site "Benasque"]
[Date "2018.07.12"]
[Round "8"]
[White "Zubov, Alexander"]
[Black "Jansa, Vlastimil"]
[Result "1/2-1/2"]
[WhiteElo "2611"]
[BlackElo "2451"]
[Annotator "TA"]
[PlyCount "101"]
[EventDate "2018.07.05"]
[EventType "swiss"]
[EventCountry "ESP"]
[SourceTitle "playchess.com"]
[Source "ChessBase"]
[SourceQuality "1"]

{[%evp 19,101,54,43,32,46,45,49,42,49,47,61,51,81,78,94,87,102,64,100,96,95,41,31,22,17,27,33,0,0,0,26,-62,0,-46,-51,-67,0,0,12,0,0,0,10,2,8,-19,-22,-90,-74,-67,-78,-85,-83,-89,-82,-116,0,-84,-58,-60,-53,-53,-58,-58,-34,-43,0,0,0,0,0,0,0,0,0,0,0,0,0,0,0,0,0,0]} 1. e4 c5 2. Nf3 e6 3. g3 b6 4. d4 cxd4 5. Nxd4 Bb7 6. Bg2 Nf6 7. Qe2 a6 8. O-O d6 9. c4 Qc7 10. Nc3 Be7 {LiveBook: 31 Games} 11. g4 $146 {[%cal Bg3g4,Bg4g5][%mdl 32] A34: Symmetrical English: 2 Nc3, lines with ...d5} ({Predecessor:} 11. Be3 Nc6 12. Rac1 Nxd4 13. Bxd4 O-O 14. Rfd1 Nd7 15. b3 Rfe8 16. h4 Rac8 17. Bh3 Rcd8 18. h5 h6 {1-0 (50) Indjic,A (2538)-Bokros,A (2485) Kac 2014}) 11... O-O 12. g5 Nfd7 13. Be3 {White is slightly better.} Nc6 14. Nxc6 Qxc6 15. Rac1 Rac8 16. b3 Qc7 17. h4 {[%cal Bh2h4,Bh4h5][%mdl 32]} Rfe8 18. h5 Qb8 19. Rfd1 Bc6 20. Qg4 (20. h6 $16) 20... b5 $14 21. cxb5 axb5 22. Ne2 Qa8 23. Nd4 {[#] g6 is the strong threat.} Ne5 24. Qh4 Bb7 25. Nxb5 ({White should play} 25. Rxc8 $11 Rxc8 26. f4 Bxe4 27. Qh1 Bxg2 28. Qxg2 Qxg2+ 29. Kxg2) 25... Qxa2 (25... Rxc1 $15 26. Rxc1 Qxa2) 26. Nd4 ({Not} 26. Nxd6 $2 Rxc1 27. Bxc1 Qc2 $19) (26. Ra1 {is more complex.} Qxb3 27. Nd4 Qc4 28. Qg3 Qc7 29. Bf4) 26... Rxc1 27. Rxc1 Bd8 (27... Rc8 $15 28. Rxc8+ Bxc8) 28. Qg3 $11 Qa3 29. Rd1 Bb6 30. Kh2 Bc5 31. f4 Nc6 32. g6 (32. h6 {feels hotter.} e5 33. Nf5 Qxb3 34. Rf1 Bxe3 35. Nxe3 Nd4 36. hxg7 Ne2 37. Qf3) 32... Nxd4 33. Bxd4 (33. gxf7+ $11 Kxf7 34. h6 gxh6 35. Bxd4 Bxd4 36. Rxd4) 33... Bxd4 $17 34. Rxd4 Qc5 35. gxf7+ Kxf7 36. Qd3 Qxh5+ 37. Kg1 Qh4 (37... Qc5 $17 38. Kh2 Qh5+ 39. Qh3 Qxh3+ 40. Kxh3 Ke7) 38. Qd2 (38. Rxd6 $11 {remains equal.} Kg8 39. Qc4) 38... Ra8 39. Ra4 Qe7 40. Rxa8 Bxa8 41. b4 Qa7+ 42. Kh2 Qb6 43. f5 {The position is equal.} Qd8 {[#] Strongly threatening ...Qh4+.} 44. fxe6+ Kxe6 45. Qa2+ Ke7 46. Qa7+ Kf8 47. b5 Qh4+ 48. Kg1 Qe1+ 49. Kh2 Qh4+ 50. Kg1 Qe1+ 51. Kh2 {Precision: White = 47%, Black = 49%.} 1/2-1/2

[Event "XXXVIII Benasque Open 2018"]
[Site "Benasque"]
[Date "2018.07.12"]
[Round "8"]
[White "Vocaturo, Daniele"]
[Black "Saptarshi, Roy"]
[Result "1-0"]
[WhiteElo "2609"]
[BlackElo "2500"]
[Annotator "TA"]
[PlyCount "79"]
[EventDate "2018.07.05"]
[EventType "swiss"]
[EventCountry "ESP"]
[SourceTitle "playchess.com"]
[Source "ChessBase"]
[SourceQuality "1"]

{[%evp 10,79,47,55,58,61,81,59,68,72,60,68,77,47,51,56,52,51,52,27,22,11,20,1,10,9,26,0,0,0,16,0,28,0,0,0,36,-6,-2,-4,-5,-7,43,36,33,33,52,46,56,4,0,0,1,0,0,0,0,-10,-10,-27,0,-101,-100,-143,0,-64,-31,-109,-72,-76,1619,1563]} 1. d4 d5 2. c4 e6 3. Nc3 c6 4. e4 Bb4 5. Bd2 Ne7 6. a3 {LiveBook: 4 Partien. D31: Damengambit (Halbslawisch)} Ba5 7. Nf3 $146 ({Vorgänger:} 7. b4 Bc7 8. Nf3 Nd7 9. Qc2 O-O 10. Bd3 dxc4 11. Bxc4 e5 12. Be3 exd4 13. Nxd4 {0-1 (35) Wojtaszek,R (2727)-Ivanchuk,V (2710) Huaian 2016}) 7... O-O 8. Qc2 {Weiß steht besser.} Nd7 9. Bd3 dxc4 10. Bxc4 b5 11. Bd3 e5 12. Nxe5 Nxe5 13. dxe5 Qd4 14. Ne2 Bxd2+ 15. Qxd2 Qxe5 16. Rc1 Rd8 17. Qc2 a6 18. f4 Qd6 19. Rd1 Bg4 20. O-O Qg6 21. Rf2 Rd7 22. Re1 Rad8 23. f5 Qf6 24. Nf4 {zielt auf h3 ab.} Qe5 $1 25. Bf1 Nxf5 26. Nd3 {[#]} Rxd3 $1 {[%mdl 512]} 27. Bxd3 (27. Qxd3 Rxd3) 27... Nd4 28. Qc3 c5 {[%cal Bc6c5,Bc5c4][%mdl 32]} 29. Bf1 (29. Qa5 $14 Ra8 30. a4) 29... f6 $11 {[#]} 30. a4 $1 {[%mdl 512] Weiss will axb5 spielen.} c4 $1 (30... bxa4 31. Qa5) 31. axb5 axb5 32. Qe3 Nb3 33. Qb6 Rd4 34. h3 $1 {[%cal Rh3g4]} Be6 35. Re3 (35. Qc6 $11 {hält das Gleichgewicht.} h6 36. Qe8+ Kh7 37. h4) 35... h6 $17 {[%mdl 1024] Schwarz hat starke Kompensation.} 36. Be2 {[#]} Rd6 (36... Kh7 $1 $17 {Droht ...Td2 und aus.} 37. Rc3 Nd2) 37. Qa7 (37. Qb8+ $11 Kh7 38. Bf1) 37... Kh7 38. Qe7 ({Günstiger ist} 38. Rxf6 $1 $15 Rd2 39. Rxe6 Qxe6 40. Bg4) 38... Qc5 {Weiss muss nun ...Td1+! beachten.} ({Bitte nicht} 38... Rd2 $6 39. Bg4 $11) 39. Bf1 {Droht stark Tg3.} ({Nur nicht} 39. Rg3 $2 {[#]} Rd1+ $1 {[%mdl 512]} 40. Bxd1 Qxe7 $19) 39... Nd2 $2 {[%mdl 8192]} (39... Rd1 $17 40. Qxc5 Nxc5) 40. Rg3 {Precision: Weiß = 46%, Schwarz = 47%.} 1-0

[Event "XXXVIII Benasque Open 2018"]
[Site "Benasque"]
[Date "2018.07.12"]
[Round "8"]
[White "Baklan, Vladimir"]
[Black "Cruz Lledo, Pablo"]
[Result "1-0"]
[WhiteElo "2595"]
[BlackElo "2443"]
[Annotator "ChessBase"]
[PlyCount "81"]
[EventDate "2018.07.05"]
[EventType "swiss"]
[EventCountry "ESP"]
[SourceTitle "playchess.com"]
[Source "ChessBase"]
[SourceQuality "1"]
[TimeControl "5400+30"]

1. e4 {[%emt 0:00:00]} c6 {[%emt 0:00:00]} 2. d4 {[%emt 0:00:00]} d5 {[%emt 0:00:00]} 3. e5 {[%emt 0:00:00]} Bf5 {[%emt 0:00:00]} 4. Be2 {[%emt 0:01:10]} e6 {[%emt 0:00:00]} 5. Nf3 {[%emt 0:00:13]} h6 {[%emt 0:00:35]} 6. O-O {[%emt 0:01:05]} Ne7 {[%emt 0:00:17]} 7. c3 {[%emt 0:00:07]} Nd7 {[%emt 0:00:09]} 8. Na3 {[%emt 0:00:19]} a5 {[%emt 0:01:30]} 9. Nc2 {[%emt 0:02:08]} g5 {[%emt 0:00:11]} 10. Nfe1 {[%emt 0:05:48]} Qc7 {[%emt 0:06:08]} 11. Bh5 {[%emt 0:03:10]} Bg6 {[%emt 0:24:58]} 12. f4 gxf4 {[%emt 0:01:19]} 13. Nd3 {[%emt 0:03:37]} Bg7 {[%emt 0:07:09]} 14. Nxf4 {[%emt 0:02:40]} Nf8 {[%emt 0:00:05]} 15. b3 {[%emt 0:14:59]} c5 {[%emt 0:04:48]} 16. Na3 {[%emt 0:14:33]} cxd4 {[%emt 0:03:35]} 17. cxd4 {[%emt 0:01:46]} Qc3 {[%emt 0:00:47]} 18. Bxg6 {[%emt 0:00:23]} Nfxg6 {[%emt 0:07:39]} 19. Rb1 {[%emt 0:03:45]} Qb4 {[%emt 0:13:32]} 20. Nh5 {[%emt 0:01:15]} O-O {[%emt 0:07:10]} 21. Nc2 {[%emt 0:05:15]} Qb6 {[%emt 0:00:15]} 22. Ne3 {[%emt 0:15:26]} Nc6 {[%emt 0:04:32]} 23. Nxg7 {[%emt 0:00:24]} Kxg7 {[%emt 0:04:01]} 24. Ng4 {[%emt 0:00:06]} Rh8 {[%emt 0:00:55]} 25. Be3 {[%emt 0:01:30]} h5 {[%emt 0:04:21]} 26. Qf3 {[%emt 0:00:09]} f5 {[%emt 0:00:21]} 27. exf6+ {[%emt 0:04:17]} Kf7 {[%emt 0:00:02]} 28. Nf2 {[%emt 0:00:27]} Rag8 {[%emt 0:02:00]} 29. Qh3 {[%emt 0:01:44]} Nxd4 {[%emt 0:02:20]} 30. Rbe1 {[%emt 0:01:48]} Ne5 {[%emt 0:00:53]} 31. Kh1 {[%emt 0:00:16]} Ng4 {[%emt 0:00:44]} 32. Nd3 {[%emt 0:01:18]} e5 {[%emt 0:01:42]} 33. Bg1 {[%emt 0:00:42]} Qd6 {[%emt 0:01:35]} 34. Nxe5+ {[%emt 0:00:39]} Nxe5 {[%emt 0:00:02]} 35. Bxd4 {[%emt 0:00:07]} Nc6 {[%emt 0:00:25]} 36. Bc5 {[%emt 0:00:59]} Qxc5 {[%emt 0:02:32]} 37. Qe6+ {[%emt 0:00:08]} Kg6 {[%emt 0:00:02]} 38. f7+ {[%emt 0:00:18]} Kh7 {[%emt 0:00:58]} 39. fxg8=Q+ {[%emt 0:00:14]} Rxg8 {[%emt 0:00:06]} 40. Rf7+ {[%emt 0:00:08]} Rg7 {[%emt 0:00:09]} 41. Qf5+ {[%emt 0:00:08]} 1-0

[Event "XXXVIII Benasque Open 2018"]
[Site "Benasque"]
[Date "2018.07.12"]
[Round "8"]
[White "Kharitonov, Alexandr"]
[Black "Banusz, Tamas"]
[Result "1/2-1/2"]
[WhiteElo "2564"]
[BlackElo "2607"]
[Annotator "RC"]
[PlyCount "34"]
[EventDate "2018.07.05"]
[EventType "swiss"]
[EventCountry "ESP"]
[SourceTitle "playchess.com"]
[Source "ChessBase"]
[SourceQuality "1"]
[TimeControl "5400+30"]

1. d4 {[%emt 0:00:04]} d5 {[%emt 0:03:39]} 2. c4 {[%emt 0:00:07]} c6 {[%emt 0:00:06]} 3. Nc3 {[%emt 0:00:22]} Nf6 {[%emt 0:00:05]} 4. e3 {[%emt 0:00:23]} e6 {[%emt 0:00:07]} 5. Nf3 {[%emt 0:00:27]} a6 {[%emt 0:00:04]} 6. Qc2 {[%emt 0:01:50]} c5 {[%emt 0:00:29]} 7. cxd5 {[%emt 0:00:34]} exd5 {[%emt 0:00:05]} 8. Be2 {[%emt 0:00:50]} Be6 {[%emt 0:00:05]} 9. O-O {[%emt 0:00:32]} Nc6 {[%emt 0:00:03]} 10. Rd1 {[%emt 0:01:17]} Nb4 {[%emt 0:00:07]} 11. Qd2 {[%emt 0:00:26]} Ne4 {[%emt 0:00:07]} 12. Nxe4 {[%emt 0:00:23]} dxe4 {[%emt 0:00:05]} 13. a3 {[%emt 0:00:14]} exf3 {[%emt 0:00:11]} 14. Bxf3 {[%emt 0:00:05]} Nc6 {[%emt 0:00:05]} 15. d5 {[%emt 0:00:13]} Ne5 {[%emt 0:00:05]} 16. dxe6 {[%emt 0:00:17]} Nxf3+ {[%emt 0:00:07]} 17. gxf3 {[%emt 0:00:05]} fxe6 {[%emt 0:00:08]} 1/2-1/2

[Event "XXXVIII Benasque Open 2018"]
[Site "Benasque"]
[Date "2018.07.12"]
[Round "8"]
[White "Alvarado Diaz, Alejandro"]
[Black "Chigaev, Maksim"]
[Result "0-1"]
[WhiteElo "2402"]
[BlackElo "2582"]
[Annotator "RC"]
[PlyCount "48"]
[EventDate "2018.07.05"]
[EventType "swiss"]
[EventCountry "ESP"]
[SourceTitle "playchess.com"]
[Source "ChessBase"]
[SourceQuality "1"]
[TimeControl "5400+30"]

1. g3 {[%emt 0:00:19]} g6 {[%emt 0:00:00]} 2. Bg2 {[%emt 0:00:44]} Bg7 {[%emt 0:00:00]} 3. c3 {[%emt 0:02:09]} d6 {[%emt 0:00:28]} 4. d4 {[%emt 0:01:38]} Nf6 {[%emt 0:00:11]} 5. Nf3 {[%emt 0:01:36]} O-O {[%emt 0:00:11]} 6. O-O {[%emt 0:00:08]} Nbd7 {[%emt 0:05:59]} 7. Qc2 {[%emt 0:06:51]} e5 {[%emt 0:01:18]} 8. dxe5 {[%emt 0:02:11]} dxe5 {[%emt 0:00:10]} 9. Bg5 {[%emt 0:00:30]} h6 {[%emt 0:00:13]} 10. Bxf6 {[%emt 0:00:17]} Qxf6 {[%emt 0:00:11]} 11. Nbd2 {[%emt 0:03:28]} Qe7 {[%emt 0:00:15]} 12. e4 {[%emt 0:00:40]} Nb6 {[%emt 0:00:55]} 13. Rfe1 {[%emt 0:03:22]} a5 {[%emt 0:01:21]} 14. Nf1 {[%emt 0:01:27]} c6 {[%emt 0:06:35]} 15. Ne3 {[%emt 0:01:05]} h5 {[%emt 0:00:53]} 16. Nd2 {[%emt 0:14:25]} Be6 {[%emt 0:03:19]} 17. Bf1 {[%emt 0:03:06]} Bh6 {[%emt 0:05:26]} 18. Ndc4 {[%emt 0:02:09]} Nxc4 {[%emt 0:00:30]} 19. Nxc4 {[%emt 0:00:12]} Qc5 {[%emt 0:00:12]} 20. Ne3 {[%emt 0:02:54]} Rfd8 {[%emt 0:02:12]} 21. b3 {[%emt 0:01:33]} Rd7 {[%emt 0:02:58]} 22. a3 {[%emt 0:11:22]} Rad8 {[%emt 0:08:36]} 23. b4 {[%emt 0:01:12]} Qa7 {[%emt 0:00:06]} 24. Qa4 {[%emt 0:03:00]} b5 {[%emt 0:01:00]} 0-1

[Event "XXXVIII Benasque Open 2018"]
[Site "Benasque"]
[Date "2018.07.12"]
[Round "8"]
[White "Lalic, Bogdan"]
[Black "Santos Ruiz, Miguel"]
[Result "1/2-1/2"]
[WhiteElo "2394"]
[BlackElo "2531"]
[Annotator "RC"]
[PlyCount "32"]
[EventDate "2018.07.05"]
[EventType "swiss"]
[EventCountry "ESP"]
[SourceTitle "playchess.com"]
[Source "ChessBase"]
[SourceQuality "1"]
[TimeControl "5400+30"]

1. d4 {[%emt 0:06:31]} Nf6 {[%emt 0:00:00]} 2. c4 {[%emt 0:02:08]} e6 {[%emt 0:00:00]} 3. Nf3 {[%emt 0:00:07]} d5 {[%emt 0:00:00]} 4. Nc3 {[%emt 0:00:06]} c6 {[%emt 0:00:00]} 5. Bg5 {[%emt 0:00:35]} h6 {[%emt 0:00:00]} 6. Bxf6 {[%emt 0:00:07]} Qxf6 {[%emt 0:00:01]} 7. Qc2 {[%emt 0:00:12]} Nd7 {[%emt 0:00:08]} 8. e4 {[%emt 0:00:12]} dxe4 {[%emt 0:00:06]} 9. Qxe4 {[%emt 0:00:09]} g6 {[%emt 0:00:05]} 10. Bd3 {[%emt 0:00:15]} Bg7 {[%emt 0:00:46]} 11. O-O {[%emt 0:00:08]} O-O {[%emt 0:00:34]} 12. Rfe1 {[%emt 0:02:16]} c5 {[%emt 0:12:30]} 13. d5 {[%emt 0:00:09]} e5 {[%emt 0:01:01]} 14. Qe2 {[%emt 0:07:09]} Qe7 {[%emt 0:07:23]} 15. d6 {[%emt 0:02:48]} Qxd6 {[%emt 0:00:15]} 16. Rad1 {[%emt 0:00:04]} Qb8 {[%emt 0:23:32]} 1/2-1/2

[Event "XXXVIII Benasque Open 2018"]
[Site "Benasque"]
[Date "2018.07.12"]
[Round "8"]
[White "Arjun Kalyan"]
[Black "Vazquez Igarza, Renier"]
[Result "0-1"]
[WhiteElo "2370"]
[BlackElo "2571"]
[Annotator "TA"]
[PlyCount "90"]
[EventDate "2018.07.05"]
[EventType "swiss"]
[EventCountry "ESP"]
[SourceTitle "playchess.com"]
[Source "ChessBase"]
[SourceQuality "1"]

{[%evp 16,90,15,19,27,4,12,12,14,5,13,0,20,0,0,0,0,0,0,0,4,0,0,0,0,7,9,12,12,0,0,0,0,0,0,0,0,-8,-7,-21,-21,-21,-24,-27,-21,-16,-18,-21,-21,-33,-28,-47,-37,-35,-24,-41,-40,-72,-65,-60,-41,-35,-31,-100,-100,-430,-420,-498,-486,-433,-414,-449,-334,-4598,-4631,-29990,-29991]} 1. e4 c6 2. d4 d5 3. Nd2 dxe4 4. Nxe4 Nf6 5. Nxf6+ exf6 6. c3 Bf5 7. Bd3 {B15: Caro-Kann (Flohr-Variante)} Bxd3 8. Qxd3 Bd6 9. Qe4+ {LiveBook: 4 Partien. Die Stellung ist ausgeglichen.} (9. Qe3+ Qe7 10. Nf3 Nd7 11. Qxe7+ Kxe7 12. Be3 Nb6 13. O-O-O Kd7 14. Rhe1 Nd5 {½-½ (50) Wei,Y (2707)-Rapport,R (2717) Yancheng 2016}) 9... Be7 10. Nf3 O-O 11. O-O Re8 12. Re1 Nd7 13. b3 $146 ({Vorgänger:} 13. Bf4 Nb6 14. Re2 Bf8 {1-0 (56) Sabuk,P (2044)-Bukowski,W (2091) Augustow 2008}) 13... a5 14. Bb2 a4 15. c4 Nf8 16. Qc2 axb3 17. axb3 Rxa1 18. Bxa1 Qd7 19. Bc3 Ng6 20. Qe4 f5 21. Qe3 (21. Qe2 {keeps more tension.} Rd8 22. Ba5 Ra8 23. Qd2 Qd6 24. Bc3) 21... Rd8 22. Ne5 Nxe5 23. Qxe5 Bf6 24. Qe3 h6 {[%cal Rf6d4]} 25. Rd1 Qe6 26. Rd3 b5 27. Qxe6 fxe6 28. cxb5 $1 cxb5 $11 {[%mdl 4096] Endspiel KTL-KTL} 29. Kf1 e5 {[%cal Re5d4]} 30. d5 Kf7 31. Bb4 e4 32. Rd1 Be5 33. g3 g5 34. h3 h5 35. Ke2 f4 {[%cal Bf5f4,Bf4f3,Bf3f2][%mdl 32]} 36. g4 hxg4 37. hxg4 Rh8 38. Re1 Bd4 {Und ...f3+ würde nun gewinnen.} 39. Kd1 ({Besser ist} 39. Kf1 $15) 39... Re8 $17 ({Doch nicht} 39... Bxf2 $6 40. Rxe4 Rh3 41. Ke2 $11) 40. Re2 $2 {[%mdl 8192] [#]} (40. f3 $17 {leistet mehr Widerstand.} exf3 41. Rxe8 Kxe8 42. Ke1) 40... f3 $1 $19 {[%cal Rf3e2]} 41. Rc2 e3 42. fxe3 Rxe3 43. Rc7+ Ke8 44. d6 $2 {[#]} (44. Rc8+ Kd7 45. Rf8) 44... f2 $1 {[%cal Rf2f1]} 45. Rc8+ Kf7 {Precision: Weiß = 31%, Schwarz = 77%.} 0-1